[Event "4th Tilburg Interpolis it"]
[Site "Tilburg NED"]
[Date "1980.09.19"]
[Round "1"]
[White "Hort, Vlastimil"]
[Black "Timman, Jan"]
[Result "1/2-1/2"]
[WhiteElo "2620"]
[BlackElo "2600"]
[EventDate "1980.09.19"]
[PlyCount "39"]

1. e4 d6 2. d4 Nf6 3. Nc3 g6 4. Be3 Bg7 5. Qd2 Ng4 6. Bg5 h6 7. Bh4 g5 8. Bg3
f5 9. f3 f4 10. Bxf4 gxf4 11. fxg4 Bxg4 12. Be2 e5 13. Bxg4 Qh4+ 14. Qf2 Qxg4
15. Nd5 Na6 16. dxe5 dxe5 17. Nf3 c6 18. Nc3 O-O-O 19. O-O Kb8 20. Rad1 1/2-1/2

[Event "4th Tilburg Interpolis it"]
[Site "Tilburg NED"]
[Date "1980.09.19"]
[Round "1"]
[White "Spassky, Boris"]
[Black "Huebner, Robert"]
[Result "1/2-1/2"]
[WhiteElo "2615"]
[BlackElo "2600"]
[EventDate "1980.09.19"]
[PlyCount "125"]

1. e4 c5 2. Nf3 d6 3. g3 Nc6 4. Bg2 g6 5. O-O Bg7 6. c3 e5 7. d3 Nge7 8. a3 O-O
9. b4 h6 10. b5 Na5 11. c4 f5 12. Nc3 f4 13. Rb1 Bg4 14. h3 Bd7 15. Nd5 Nxd5
16. exd5 fxg3 17. fxg3 e4 18. dxe4 Nxc4 19. Qd3 Ne5 20. Nxe5 Rxf1+ 21. Bxf1
Bxe5 22. Bxh6 Qf6 23. h4 c4 24. Qc2 Bxg3 25. Bg5 Qe5 26. Qxc4 Rf8 27. Bg2 Bf2+
28. Kh1 Qg3 29. Qb3 Qg4 30. Rf1 Bxh4 31. Rxf8+ Kxf8 32. Be3 Bf6 33. Bxa7 Qh4+
34. Kg1 Qe1+ 35. Bf1 Qxe4 36. a4 Bd4+ 37. Bxd4 Qxd4+ 38. Kg2 Bf5 39. Be2 Qd2
40. Kf2 Qd4+ 41. Kf1 b6 42. Qa3 Qxd5 43. a5 bxa5 44. Qxa5 Qh1+ 45. Kf2 Qh4+ 46.
Ke3 Qg5+ 47. Kf2 Qf4+ 48. Ke1 Qc1+ 49. Kf2 Qc5+ 50. Ke1 Ke7 51. Qa8 Kd7 52.
Qb7+ Qc7 53. Qa6 Qc1+ 54. Kf2 Qc5+ 55. Ke1 Kc7 56. Qa5+ Qb6 57. Qc3+ Qc5 58.
Qa5+ Qb6 59. Qc3+ Kb8 60. Qh8+ Bc8 61. Qf6 Qg1+ 62. Kd2 Qg3 63. b6 1/2-1/2

[Event "4th Tilburg Interpolis it"]
[Site "Tilburg NED"]
[Date "1980.09.19"]
[Round "1"]
[White "Tals, Mihails"]
[Black "Larsen, Bent"]
[Result "1/2-1/2"]
[WhiteElo "2705"]
[BlackElo "2615"]
[EventDate "1980.09.19"]
[PlyCount "73"]

1. e4 c6 2. d4 d5 3. Nd2 dxe4 4. Nxe4 Bf5 5. Ng3 Bg6 6. h4 h6 7. Nf3 Nd7 8. h5
Bh7 9. Bd3 Bxd3 10. Qxd3 e6 11. Bf4 Ngf6 12. O-O-O Be7 13. Rhe1 a5 14. c4 b5
15. c5 Nd5 16. Be5 O-O 17. Ne4 N7f6 18. Nxf6+ Nxf6 19. Bxf6 Bxf6 20. g4 Qd5 21.
Kb1 Rfd8 22. Ne5 a4 23. f3 b4 24. f4 a3 25. b3 Bxe5 26. Rxe5 Qg2 27. Qe2 Qxe2
28. Rxe2 Rd5 29. Re5 Re8 30. Kc2 f6 31. Re4 e5 32. Kd3 Rxd4+ 33. Rxd4 exd4 34.
Kc4 Re2 35. Kxb4 Rxa2 36. Rxd4 Ra1 37. Rd6 1/2-1/2

[Event "4th Tilburg Interpolis it"]
[Site "Tilburg NED"]
[Date "1980.09.20"]
[Round "2"]
[White "Huebner, Robert"]
[Black "Hort, Vlastimil"]
[Result "1/2-1/2"]
[WhiteElo "2600"]
[BlackElo "2620"]
[EventDate "1980.09.19"]
[PlyCount "29"]

1. g3 d5 2. Bg2 e5 3. c4 dxc4 4. Qa4+ Bd7 5. Qxc4 Nc6 6. Nf3 Bd6 7. O-O Nge7 8.
b3 Be6 9. Qc2 Qd7 10. Bb2 Bh3 11. Nc3 Bxg2 12. Kxg2 O-O 13. Ne4 f5 14. Nc5 Bxc5
15. Qxc5 1/2-1/2

[Event "4th Tilburg Interpolis it"]
[Site "Tilburg NED"]
[Date "1980.09.20"]
[Round "2"]
[White "Timman, Jan"]
[Black "Tals, Mihails"]
[Result "1/2-1/2"]
[WhiteElo "2600"]
[BlackElo "2705"]
[EventDate "1980.09.19"]
[PlyCount "60"]

1. c4 Nf6 2. Nc3 e5 3. Nf3 Nc6 4. g3 Nd4 5. Bg2 Nxf3+ 6. Bxf3 Bb4 7. Qc2 c6 8.
O-O O-O 9. d3 Re8 10. Bg5 h6 11. Bxf6 Qxf6 12. Ne4 Qg6 13. a3 Bf8 14. c5 f5 15.
Nd2 d5 16. cxd6 Bxd6 17. Nc4 Bc7 18. b4 Bd7 19. a4 Rad8 20. Nd2 Bb6 21. Rac1 a6
22. Nb3 e4 23. dxe4 fxe4 24. Bg2 Bf5 25. e3 Rd5 26. Rfd1 Red8 27. Rxd5 Rxd5 28.
Bf1 Kh8 29. Bc4 Re5 30. Rd1 Qf6 1/2-1/2

[Event "4th Tilburg Interpolis it"]
[Site "Tilburg NED"]
[Date "1980.09.21"]
[Round "3"]
[White "Hort, Vlastimil"]
[Black "Kavalek, Lubomir"]
[Result "1/2-1/2"]
[WhiteElo "2620"]
[BlackElo "2545"]
[EventDate "1980.09.19"]
[PlyCount "50"]

1. d4 Nf6 2. c4 g6 3. g3 Bg7 4. Bg2 O-O 5. Nf3 c6 6. O-O d5 7. Nbd2 Bf5 8. b3
Ne4 9. Bb2 Nd7 10. Nh4 Nxd2 11. Qxd2 Nf6 12. Nxf5 gxf5 13. Qg5 e6 14. Rac1 Ne4
15. Qxd8 Raxd8 16. Rfd1 dxc4 17. Rxc4 e5 18. e3 exd4 19. exd4 Nd6 20. Rc5 Nb5
21. Rxf5 Nxd4 22. Bxd4 Rxd4 23. Rxd4 Bxd4 24. Bf1 Re8 25. Bc4 Re7 1/2-1/2

[Event "4th Tilburg Interpolis it"]
[Site "Tilburg NED"]
[Date "1980.09.21"]
[Round "3"]
[White "Portisch, Lajos"]
[Black "Ribli, Zoltan"]
[Result "1/2-1/2"]
[WhiteElo "2625"]
[BlackElo "2595"]
[EventDate "1980.09.19"]
[PlyCount "34"]

1. c4 Nf6 2. Nc3 e6 3. Nf3 c5 4. g3 b6 5. e4 Bb7 6. d3 d6 7. Bg2 g6 8. O-O Bg7
9. Ne1 Nc6 10. Nc2 O-O 11. Bg5 a6 12. Qd2 Re8 13. Bh6 Bh8 14. h3 Nd4 15. Nxd4
cxd4 16. Ne2 Nd7 17. g4 b5 1/2-1/2

[Event "4th Tilburg Interpolis it"]
[Site "Tilburg NED"]
[Date "1980.09.21"]
[Round "3"]
[White "Tals, Mihails"]
[Black "Huebner, Robert"]
[Result "1/2-1/2"]
[WhiteElo "2705"]
[BlackElo "2600"]
[EventDate "1980.09.19"]
[PlyCount "31"]

1. e4 c5 2. Nf3 d6 3. d4 cxd4 4. Nxd4 Nf6 5. Nc3 a6 6. Be2 e5 7. Nb3 Be7 8. O-O
O-O 9. Bg5 Be6 10. Bxf6 Bxf6 11. Qd3 Nc6 12. Nd5 Bg5 13. Rad1 Rc8 14. c3 Ne7
15. Ne3 Bxe3 16. Qxe3 1/2-1/2

[Event "4th Tilburg Interpolis it"]
[Site "Tilburg NED"]
[Date "1980.09.23"]
[Round "4"]
[White "Andersson, Ulf"]
[Black "Hort, Vlastimil"]
[Result "1/2-1/2"]
[WhiteElo "2565"]
[BlackElo "2620"]
[EventDate "1980.09.19"]
[PlyCount "70"]

1. Nf3 g6 2. e4 d6 3. d4 Bg7 4. Be2 Bg4 5. O-O Nd7 6. Nbd2 Ngf6 7. c3 O-O 8. h3
Bxf3 9. Bxf3 c6 10. Re1 Qc7 11. a4 Rfe8 12. Nc4 Rad8 13. Bf4 e5 14. Bg3 h5 15.
a5 Bh6 16. Qb3 Nh7 17. h4 Bf4 18. Bxf4 exf4 19. Qb4 c5 20. Qb3 Rb8 21. Rad1
Nhf6 22. Qb5 a6 23. Qa4 Rbd8 24. b3 Ng4 25. Qa2 Ndf6 26. Qd2 cxd4 27. cxd4 d5
28. exd5 Rxe1+ 29. Rxe1 Nxd5 30. Ne5 Ngf6 31. Rc1 Qd6 32. Nc4 Qe7 33. Re1 Qd7
34. Re5 Qb5 35. Qd3 Qb4 1/2-1/2

[Event "4th Tilburg Interpolis it"]
[Site "Tilburg NED"]
[Date "1980.09.23"]
[Round "4"]
[White "Kavalek, Lubomir"]
[Black "Tals, Mihails"]
[Result "1/2-1/2"]
[WhiteElo "2545"]
[BlackElo "2705"]
[EventDate "1980.09.19"]
[PlyCount "35"]

1. e4 e5 2. Nf3 Nf6 3. Nxe5 d6 4. Nf3 Nxe4 5. d3 Nf6 6. d4 Be7 7. Bd3 Bg4 8.
O-O O-O 9. h3 Bh5 10. Re1 Nc6 11. c3 Qd7 12. Nbd2 Rfe8 13. Nf1 Bf8 14. Rxe8
Rxe8 15. Bg5 Ne4 16. Bxe4 Rxe4 17. Ng3 Bxf3 18. Qxf3 1/2-1/2

[Event "4th Tilburg Interpolis it"]
[Site "Tilburg NED"]
[Date "1980.09.23"]
[Round "4"]
[White "Portisch, Lajos"]
[Black "Spassky, Boris"]
[Result "1/2-1/2"]
[WhiteElo "2625"]
[BlackElo "2615"]
[EventDate "1980.09.19"]
[PlyCount "53"]

1. c4 e5 2. Nc3 Nc6 3. g3 g6 4. Bg2 Bg7 5. Rb1 Nf6 6. b4 O-O 7. b5 Ne7 8. Qb3
d6 9. d3 Nd7 10. Nf3 a6 11. a4 Nc5 12. Qc2 h6 13. O-O Be6 14. Nd2 axb5 15. axb5
c6 16. Nde4 Nxe4 17. Nxe4 f5 18. Nc3 d5 19. bxc6 bxc6 20. cxd5 cxd5 21. Nb5 Qd7
22. Qc7 Rfb8 23. Ba3 Rxb5 24. Qxd7 Bxd7 25. Bxe7 e4 26. Rxb5 Bxb5 27. Rb1
1/2-1/2

[Event "4th Tilburg Interpolis it"]
[Site "Tilburg NED"]
[Date "1980.09.24"]
[Round "5"]
[White "Larsen, Bent"]
[Black "Timman, Jan"]
[Result "0-1"]
[WhiteElo "2615"]
[BlackElo "2600"]
[EventDate "1980.09.19"]
[PlyCount "110"]

1. Nf3 Nf6 2. d4 b6 3. Bg5 e6 4. e4 h6 5. Bxf6 Qxf6 6. Bd3 Bb7 7. Nc3 Bb4 8.
O-O Bxc3 9. bxc3 d6 10. Bb5+ Nd7 11. Qd3 Qe7 12. Ba6 Bxa6 13. Qxa6 O-O 14. Rfe1
c5 15. a4 Rfc8 16. d5 Re8 17. Re3 Nf6 18. Qd3 exd5 19. exd5 Qd7 20. Rxe8+ Rxe8
21. c4 Nh5 22. g3 Qg4 23. Kh1 Nf6 24. a5 bxa5 25. Rxa5 Qh3 26. Kg1 Rb8 27. Rb5
Ra8 28. Ra5 Rb8 29. Rb5 Ra8 30. Qb3 Qg4 31. Ra5 Nd7 32. Kg2 Nb6 33. Nd2 Qe2 34.
Qd3 Qe1 35. Ra6 Qe7 36. Nf1 Qb7 37. Ra5 Nd7 38. Ne3 Ne5 39. Qb3 Qc8 40. h3 Qd8
41. Ra6 Rb8 42. Qa3 Qf6 43. f4 Ng6 44. Rxa7 Re8 45. Ng4 Qd4 46. Qd3 Ne7 47. Nf2
Qf6 48. Ne4 Qg6 49. Nf2 Nf5 50. g4 Nh4+ 51. Kf1 Qf6 52. Qg3 g5 53. fxg5 hxg5
54. c3 Nf3 55. Ra1 Re3 0-1

[Event "4th Tilburg Interpolis it"]
[Site "Tilburg NED"]
[Date "1980.09.24"]
[Round "5"]
[White "Tals, Mihails"]
[Black "Andersson, Ulf"]
[Result "1/2-1/2"]
[WhiteElo "2705"]
[BlackElo "2565"]
[EventDate "1980.09.19"]
[PlyCount "118"]

1. d4 Nf6 2. c4 e6 3. Nc3 Bb4 4. e3 c5 5. Nge2 cxd4 6. exd4 O-O 7. a3 Be7 8. d5
exd5 9. cxd5 Re8 10. d6 Bf8 11. g3 Re6 12. Bg2 Rxd6 13. Qc2 Nc6 14. O-O Re6 15.
b4 a6 16. Nf4 Re8 17. Nfd5 Nxd5 18. Nxd5 d6 19. Be3 Rb8 20. Be4 h6 21. Bb6 Qg5
22. f4 Qh5 23. f5 Bd7 24. Rae1 Re5 25. a4 Rbe8 26. b5 axb5 27. axb5 Nb8 28. Bd4
Bxb5 29. Bxe5 Bxf1 30. Bxg7 Bxg7 31. f6 Bb5 32. Ne7+ Kh8 33. fxg7+ Kxg7 34.
Qc3+ Qe5 35. Qxe5+ dxe5 36. Nf5+ Kf8 37. Nd6 Bc6 38. Nxe8 Kxe8 39. Bxc6+ Nxc6
40. Rb1 Kf8 41. Rxb7 Nd4 42. g4 Kg7 43. Rb6 f6 44. Kf2 Kg6 45. h4 Nc2 46. Kf3
Nd4+ 47. Ke3 Nc2+ 48. Ke4 Nd4 49. Rb8 Nc6 50. h5+ Kg5 51. Rg8+ Kh4 52. Rg7 Nd4
53. Rg6 Kh3 54. Rxf6 Kxg4 55. Rxh6 Nf3 56. Kd5 Ng5 57. Rh8 Nf7 58. Rh7 Ng5 59.
Rh6 Kh4 1/2-1/2

[Event "4th Tilburg Interpolis it"]
[Site "Tilburg NED"]
[Date "1980.09.25"]
[Round "6"]
[White "Andersson, Ulf"]
[Black "Sosonko, Gennadi"]
[Result "1/2-1/2"]
[WhiteElo "2565"]
[BlackElo "2530"]
[EventDate "1980.09.19"]
[PlyCount "27"]

1. Nf3 Nf6 2. c4 e6 3. d4 b6 4. a3 Bb7 5. Nc3 d5 6. Bg5 Be7 7. e3 Nbd7 8. cxd5
exd5 9. Be2 O-O 10. O-O c5 11. Rc1 a6 12. dxc5 bxc5 13. b4 cxb4 14. axb4
1/2-1/2

[Event "4th Tilburg Interpolis it"]
[Site "Tilburg NED"]
[Date "1980.09.25"]
[Round "6"]
[White "Kavalek, Lubomir"]
[Black "Karpov, Anatoly"]
[Result "1/2-1/2"]
[WhiteElo "2545"]
[BlackElo "2690"]
[EventDate "1980.09.19"]
[PlyCount "37"]

1. e4 e5 2. Nf3 Nc6 3. Bb5 a6 4. Ba4 Nf6 5. O-O Be7 6. Re1 b5 7. Bb3 d6 8. c3
O-O 9. h3 h6 10. d4 Re8 11. Nbd2 Bf8 12. Nf1 Bd7 13. Ng3 Na5 14. Bc2 c5 15. b3
Nc6 16. d5 Ne7 17. Be3 Ng6 18. c4 Qc7 19. Nf5 1/2-1/2

[Event "4th Tilburg Interpolis it"]
[Site "Tilburg NED"]
[Date "1980.09.25"]
[Round "6"]
[White "Portisch, Lajos"]
[Black "Tals, Mihails"]
[Result "1-0"]
[WhiteElo "2625"]
[BlackElo "2705"]
[EventDate "1980.09.19"]
[PlyCount "66"]

1. c4 Nf6 2. Nc3 e6 3. Nf3 d5 4. d4 Be7 5. Bg5 h6 6. Bh4 O-O 7. e3 b6 8. Rc1
Bb7 9. Be2 Nbd7 10. cxd5 exd5 11. O-O c5 12. Bb5 Rc8 13. dxc5 bxc5 14. Re1 Nb6
15. Qe2 Ne4 16. Nxe4 dxe4 17. Bxe7 Qxe7 18. Nd2 Rfd8 19. Rc2 Rd5 20. Nc4 Qg5
21. Na5 Ba8 22. Rec1 Rcd8 23. Nb3 Rc8 24. h3 Qe7 25. Rc3 Rg5 26. Qc2 Qe6 27. h4
Re5 28. Nxc5 Qxa2 29. Be2 Kh7 30. Nb3 Bd5 31. Nc5 Ba8 32. h5 Nd5 33. Nxe4 Nxc3
1-0

[Event "4th Tilburg Interpolis it"]
[Site "Tilburg NED"]
[Date "1980.09.25"]
[Round "6"]
[White "Ribli, Zoltan"]
[Black "Timman, Jan"]
[Result "1/2-1/2"]
[WhiteElo "2595"]
[BlackElo "2600"]
[EventDate "1980.09.19"]
[PlyCount "45"]

1. Nf3 Nf6 2. c4 c5 3. g3 d5 4. Bg2 Nc6 5. cxd5 Nxd5 6. Nc3 g6 7. Nxd5 Qxd5 8.
O-O Bg7 9. d3 O-O 10. Be3 Bd7 11. Nd4 Qd6 12. Nxc6 Bxc6 13. Bxc6 Qxc6 14. Rc1
Qe6 15. Rxc5 Qxa2 16. Rb5 Qa6 17. Rb4 b6 18. Qb3 Rfb8 19. Ra4 Qb7 20. Rfa1 a6
21. Qa2 a5 22. Rc1 Be5 23. Re4 1/2-1/2

[Event "4th Tilburg Interpolis it"]
[Site "Tilburg NED"]
[Date "1980.09.25"]
[Round "6"]
[White "Spassky, Boris"]
[Black "Hort, Vlastimil"]
[Result "1/2-1/2"]
[WhiteElo "2615"]
[BlackElo "2620"]
[EventDate "1980.09.19"]
[PlyCount "28"]

1. d4 Nf6 2. c4 e6 3. Nc3 Bb4 4. e3 O-O 5. Bd3 d5 6. Nf3 c5 7. O-O cxd4 8. exd4
dxc4 9. Bxc4 b6 10. Bg5 Bb7 11. Rc1 Be7 12. Qe2 Nc6 13. Rfd1 Nd5 14. h4 Ncb4
1/2-1/2

[Event "4th Tilburg Interpolis it"]
[Site "Tilburg NED"]
[Date "1980.09.27"]
[Round "7"]
[White "Hort, Vlastimil"]
[Black "Ribli, Zoltan"]
[Result "1/2-1/2"]
[WhiteElo "2620"]
[BlackElo "2595"]
[EventDate "1980.09.19"]
[PlyCount "60"]

1. d4 Nf6 2. c4 e6 3. Nc3 Bb4 4. e3 O-O 5. Bd3 d5 6. Nge2 c5 7. a3 cxd4 8. exd4
Bxc3+ 9. bxc3 dxc4 10. Bxc4 b6 11. O-O Bb7 12. a4 Nbd7 13. Ba3 Re8 14. Rc1 Rc8
15. Bd3 Nf8 16. Nf4 e5 17. dxe5 Rxe5 18. Bd6 Re8 19. Bb5 Bc6 20. f3 Qd7 21. Qd3
Bxb5 22. axb5 Rcd8 23. Rfd1 Qc8 24. Qf1 Ng6 25. Nxg6 hxg6 26. Rd4 g5 27. Qd3 g4
28. Rd1 gxf3 29. Qxf3 Qe6 30. Be5 Rxd4 1/2-1/2

[Event "4th Tilburg Interpolis it"]
[Site "Tilburg NED"]
[Date "1980.09.27"]
[Round "7"]
[White "Larsen, Bent"]
[Black "Kavalek, Lubomir"]
[Result "1/2-1/2"]
[WhiteElo "2615"]
[BlackElo "2545"]
[EventDate "1980.09.19"]
[PlyCount "64"]

1. d4 Nf6 2. Nf3 g6 3. Bg5 Bg7 4. c3 O-O 5. Nbd2 d5 6. e3 b6 7. Be2 Ba6 8. Bxa6
Nxa6 9. O-O c5 10. Ne5 Qc8 11. Qa4 Nb8 12. b4 Re8 13. Bxf6 Bxf6 14. Ndf3 Rd8
15. bxc5 bxc5 16. Rab1 Nd7 17. Rb5 cxd4 18. cxd4 Nxe5 19. dxe5 Bg7 20. Rfb1 Rd7
21. h4 e6 22. h5 Rc7 23. Qh4 Rc1+ 24. Kh2 Rxb1 25. Rxb1 Qc7 26. Qf4 gxh5 27.
Kg3 f6 28. exf6 Qxf4+ 29. exf4 Bxf6 30. a4 Kf7 31. Ne1 Kg6 32. Kf3 Rc8 1/2-1/2

[Event "4th Tilburg Interpolis it"]
[Site "Tilburg NED"]
[Date "1980.09.27"]
[Round "7"]
[White "Sosonko, Gennadi"]
[Black "Portisch, Lajos"]
[Result "1/2-1/2"]
[WhiteElo "2530"]
[BlackElo "2625"]
[EventDate "1980.09.19"]
[PlyCount "95"]

1. d4 Nf6 2. c4 e6 3. Nf3 b6 4. g3 Bb7 5. Bg2 Be7 6. O-O O-O 7. Nc3 Ne4 8. Qc2
Nxc3 9. Qxc3 c5 10. Rd1 d6 11. Bf4 Nc6 12. Qd3 Qc8 13. d5 Nb4 14. Qb3 e5 15.
Bd2 b5 16. Bxb4 bxc4 17. Qa4 cxb4 18. Qxb4 Rb8 19. Qa3 e4 20. Nd2 f5 21. b3 Bf6
22. Rac1 c3 23. Nc4 Rd8 24. Qxa7 Ba6 25. Nb6 Qb7 26. Qxb7 Rxb7 27. Na4 Bxe2 28.
Re1 Bd3 29. Nxc3 Bg5 30. Rcd1 Rc8 31. Ne2 Rc2 32. Nd4 Rxa2 33. Nxf5 Bd2 34.
Nxd6 Bxe1 35. Rxe1 Rxb3 36. Nxe4 Bxe4 37. Bxe4 Rd2 38. Kg2 Rbb2 39. Rf1 g5 40.
Bf5 Kg7 41. Be6 Kf6 42. Kf3 h5 43. Kg2 Rbc2 44. Kf3 g4+ 45. Kg2 Kg5 46. h3
gxh3+ 47. Bxh3 Rxd5 48. Re1 1/2-1/2

[Event "4th Tilburg Interpolis it"]
[Site "Tilburg NED"]
[Date "1980.09.27"]
[Round "7"]
[White "Tals, Mihails"]
[Black "Spassky, Boris"]
[Result "1-0"]
[WhiteElo "2705"]
[BlackElo "2615"]
[EventDate "1980.09.19"]
[PlyCount "91"]

1. e4 e5 2. Nf3 Nc6 3. Bb5 a6 4. Ba4 Nf6 5. O-O Be7 6. Re1 b5 7. Bb3 d6 8. c3
O-O 9. h3 Nb8 10. d4 Nbd7 11. Nbd2 Bb7 12. Bc2 Re8 13. Nf1 Bf8 14. Ng3 g6 15.
a4 c5 16. d5 c4 17. Bg5 h6 18. Be3 Rb8 19. Qd2 h5 20. Ng5 Nh7 21. Nxh7 Kxh7 22.
Rf1 Kg8 23. Kh1 Bg7 24. axb5 axb5 25. f4 exf4 26. Bxf4 Qe7 27. Bg5 Qe5 28. Bf4
Qe7 29. Bg5 Qe5 30. Rf3 Ra8 31. Raf1 Rf8 32. Nxh5 gxh5 33. Rf5 Qe8 34. e5 dxe5
35. Bh6 Ra6 36. Bxg7 Kxg7 37. d6 f6 38. Rg5+ Kf7 39. Bg6+ Ke6 40. Bf5+ Kf7 41.
Qd1 Rh8 42. Bg6+ Ke6 43. Bxe8 Rxe8 44. Qxh5 Rd8 45. Rg7 Kxd6 46. Qf7 1-0

[Event "4th Tilburg Interpolis it"]
[Site "Tilburg NED"]
[Date "1980.09.28"]
[Round "8"]
[White "Andersson, Ulf"]
[Black "Larsen, Bent"]
[Result "1/2-1/2"]
[WhiteElo "2565"]
[BlackElo "2615"]
[EventDate "1980.09.19"]
[PlyCount "153"]

1. Nf3 d5 2. d4 Bf5 3. c4 e6 4. Bf4 c6 5. Qb3 Qb6 6. c5 Qxb3 7. axb3 Nd7 8. Nc3
a6 9. e3 Ne7 10. h3 f6 11. g4 Bg6 12. b4 Rc8 13. Bg3 h5 14. Rg1 hxg4 15. hxg4
Kf7 16. Be2 Ng8 17. Nd2 Be7 18. Nb3 Bd8 19. Na5 Bxa5 20. Rxa5 Ne7 21. Kd2 Rh3
22. Na2 e5 23. Nc1 exd4 24. exd4 Nf8 25. Bf1 Rh8 26. Bg2 Ne6 27. Nb3 Rce8 28.
Raa1 Nc8 29. b5 axb5 30. Rge1 f5 31. gxf5 Bxf5 32. Kc3 Ng5 33. f3 Rxe1 34. Rxe1
Bh3 35. Bh1 Bd7 36. Bg2 Ne6 37. Be5 Rh4 38. Rh1 g5 39. Nc1 Ne7 40. Nd3 Nf5 41.
Rxh4 gxh4 42. Bh3 Ne3 43. Bh2 Nxc5 44. Ne5+ Ke8 45. Nxd7 Nxd7 46. Bg1 b4+ 47.
Kxb4 Nc2+ 48. Kc3 Ne1 49. Be3 Nxf3 50. Bg2 Nh2 51. Bg5 Ng4 52. Bxh4 Ngf6 53.
Kd3 Kf7 54. Bh3 Nb6 55. b3 Ne4 56. Ke3 Ke8 57. Bf5 Nd6 58. Bg4 Nb5 59. Bh5+ Kf8
60. Bg4 Nd6 61. Kf4 Ke8 62. Ke3 Nbc8 63. Kf4 Na7 64. Ke5 Nab5 65. Be1 b6 66.
Bb4 Nb7 67. Be2 Nc7 68. Be1 Kd8 69. b4 b5 70. Bh4+ Kc8 71. Bg4+ Kb8 72. Bd7 Na6
73. Bxc6 Nxb4 74. Bxb5 Na5 75. Kd6 Nb3 76. Bf6 Nc2 77. Kxd5 1/2-1/2

[Event "4th Tilburg Interpolis it"]
[Site "Tilburg NED"]
[Date "1980.09.28"]
[Round "8"]
[White "Hort, Vlastimil"]
[Black "Tals, Mihails"]
[Result "1/2-1/2"]
[WhiteElo "2620"]
[BlackElo "2705"]
[EventDate "1980.09.19"]
[PlyCount "31"]

1. d4 Nf6 2. c4 e6 3. Nf3 b6 4. g3 Ba6 5. Nbd2 Bb4 6. Qc2 Bb7 7. a3 Be4 8. Qa4
Bxd2+ 9. Bxd2 Nc6 10. Bc3 a6 11. Bg2 Rb8 12. Qd1 d5 13. cxd5 Qxd5 14. O-O O-O
15. e3 a5 16. Ne1 1/2-1/2

[Event "4th Tilburg Interpolis it"]
[Site "Tilburg NED"]
[Date "1980.09.28"]
[Round "8"]
[White "Kavalek, Lubomir"]
[Black "Timman, Jan"]
[Result "0-1"]
[WhiteElo "2545"]
[BlackElo "2600"]
[EventDate "1980.09.19"]
[PlyCount "72"]

1. e4 d6 2. d4 Nf6 3. f3 g6 4. c4 Bg7 5. Nc3 O-O 6. Be3 e5 7. d5 c6 8. Qd2 cxd5
9. cxd5 Na6 10. Bd3 Nh5 11. Nge2 f5 12. exf5 gxf5 13. O-O Nc5 14. Bc2 a5 15. f4
e4 16. Nd4 Nf6 17. h3 Bd7 18. Rab1 Qe8 19. Rfd1 Kh8 20. b4 axb4 21. Rxb4 Rc8
22. Ncb5 Qe7 23. Ne6 Nxe6 24. dxe6 Bxe6 25. Nxd6 Nd5 26. Rxb7 Qxd6 27. Bb3 Rcd8
28. Qa5 Qc6 29. Ra7 Qc3 30. Qxc3 Bxc3 31. Bc5 Nxf4 32. Rf1 Ne2+ 33. Kf2 Bxb3
34. Bxf8 Bd4+ 35. Kxe2 Bc4+ 36. Ke1 Rxf8 0-1

[Event "4th Tilburg Interpolis it"]
[Site "Tilburg NED"]
[Date "1980.09.28"]
[Round "8"]
[White "Spassky, Boris"]
[Black "Sosonko, Gennadi"]
[Result "1/2-1/2"]
[WhiteElo "2615"]
[BlackElo "2530"]
[EventDate "1980.09.19"]
[PlyCount "37"]

1. d4 Nf6 2. c4 e6 3. Nc3 Bb4 4. e3 c5 5. Bd3 Nc6 6. Nf3 d5 7. O-O O-O 8. a3
Bxc3 9. bxc3 dxc4 10. Bxc4 Qc7 11. Bd3 e5 12. Qc2 Re8 13. Nxe5 Nxe5 14. dxe5
Qxe5 15. f3 Bd7 16. e4 Rad8 17. a4 Bc6 18. Bc4 Rd7 19. Ra2 1/2-1/2

[Event "4th Tilburg Interpolis it"]
[Site "Tilburg NED"]
[Date "1980.09.29"]
[Round "9"]
[White "Timman, Jan"]
[Black "Andersson, Ulf"]
[Result "1/2-1/2"]
[WhiteElo "2600"]
[BlackElo "2565"]
[EventDate "1980.09.19"]
[PlyCount "80"]

1. Nf3 Nf6 2. d4 d5 3. Bg5 Ne4 4. Bh4 c6 5. e3 Bf5 6. Bd3 Nd7 7. O-O Qc7 8. c4
dxc4 9. Bxc4 e6 10. Bd3 Nef6 11. Bxf5 exf5 12. Nc3 Be7 13. d5 O-O 14. Bg3 Qb6
15. Na4 Qa6 16. dxc6 bxc6 17. Qc2 c5 18. Rfd1 Rfd8 19. b3 g6 20. Ne5 Rac8 21.
Qc4 Qxc4 22. Nxc4 Ne4 23. Rac1 Nxg3 24. hxg3 Nf6 25. Nc3 Kf8 26. Kf1 Rxd1+ 27.
Rxd1 Rd8 28. Rxd8+ Bxd8 29. Nd6 Bb6 30. Na4 Nd7 31. Ke2 Ke7 32. Nc4 Ke6 33. Kd3
Kd5 34. Nc3+ Kc6 35. e4 fxe4+ 36. Nxe4 Bd8 37. g4 Be7 38. f3 h6 39. Ke3 a6 40.
Kd3 Bf8 1/2-1/2

[Event "4th Tilburg Interpolis it"]
[Site "Tilburg NED"]
[Date "1980.09.30"]
[Round "10"]
[White "Hort, Vlastimil"]
[Black "Karpov, Anatoly"]
[Result "1/2-1/2"]
[WhiteElo "2620"]
[BlackElo "2690"]
[EventDate "1980.09.19"]
[PlyCount "38"]

1. d4 Nf6 2. c4 e6 3. Nf3 d5 4. Nc3 Be7 5. Bg5 h6 6. Bh4 O-O 7. e3 b6 8. cxd5
Nxd5 9. Bxe7 Qxe7 10. Rc1 Bb7 11. Bd3 Rc8 12. O-O Nxc3 13. Rxc3 Nd7 14. Qe2 c5
15. Ba6 cxd4 16. Rxc8+ Bxc8 17. Nxd4 Bxa6 18. Qxa6 Nc5 19. Qc4 a5 1/2-1/2

[Event "4th Tilburg Interpolis it"]
[Site "Tilburg NED"]
[Date "1980.09.30"]
[Round "10"]
[White "Ribli, Zoltan"]
[Black "Kavalek, Lubomir"]
[Result "1/2-1/2"]
[WhiteElo "2595"]
[BlackElo "2545"]
[EventDate "1980.09.19"]
[PlyCount "58"]

1. Nf3 c5 2. c4 Nf6 3. Nc3 Nc6 4. e3 e6 5. d4 d5 6. cxd5 Nxd5 7. Bd3 cxd4 8.
exd4 Be7 9. O-O O-O 10. Re1 Nf6 11. a3 b6 12. Ne5 Bb7 13. Ba6 Qc8 14. Bxb7 Qxb7
15. Nxc6 Qxc6 16. d5 Qc4 17. Qe2 Qxe2 18. Rxe2 Bc5 19. dxe6 fxe6 20. Be3 Bxe3
21. Rxe3 Nd5 22. Rxe6 Nxc3 23. bxc3 Rac8 24. Re3 Rf4 25. h3 Rfc4 26. Rc1 R8c7
27. Kf1 Ra4 28. Ra1 Rac4 29. Rd1 h6 1/2-1/2

[Event "4th Tilburg Interpolis it"]
[Site "Tilburg NED"]
[Date "1980.10.02"]
[Round "11"]
[White "Karpov, Anatoly"]
[Black "Tals, Mihails"]
[Result "1/2-1/2"]
[WhiteElo "2690"]
[BlackElo "2705"]
[EventDate "1980.09.19"]
[PlyCount "41"]

1. e4 e5 2. Nf3 Nc6 3. Bb5 a6 4. Ba4 Nf6 5. O-O Be7 6. Re1 b5 7. Bb3 O-O 8. a4
Bb7 9. d3 d6 10. Nc3 Na5 11. Ba2 b4 12. Ne2 c5 13. Bg5 Nh5 14. Bxe7 Qxe7 15.
Nd2 Bc8 16. Nc4 Nxc4 17. Bxc4 Be6 18. Ng3 Nf4 19. Nh5 Bxc4 20. dxc4 Ne6 21. Ng3
1/2-1/2

[Event "4th Tilburg Interpolis it"]
[Site "Tilburg NED"]
[Date "1980.10.02"]
[Round "11"]
[White "Kavalek, Lubomir"]
[Black "Andersson, Ulf"]
[Result "1/2-1/2"]
[WhiteElo "2545"]
[BlackElo "2565"]
[EventDate "1980.09.19"]
[PlyCount "39"]

1. e4 c5 2. Nf3 d6 3. d4 cxd4 4. Nxd4 Nf6 5. Nc3 e6 6. Bc4 a6 7. Bb3 b5 8. O-O
Be7 9. a4 b4 10. Na2 O-O 11. Nxb4 Bb7 12. c3 a5 13. Nd3 Bxe4 14. Re1 Na6 15.
Bg5 Bxd3 16. Qxd3 Nc5 17. Qd1 Nxb3 18. Qxb3 h6 19. Bh4 Rb8 20. Qc2 1/2-1/2